Readings in Feminist Theory (Record no. 17268)

MARC details
000 -LEADER
fixed length control field 00634nam a2200229 a 4500
020 ## - INTERNATIONAL STANDARD BOOK NUMBER
ISBN 8130703270
082 00 - DEWEY DECIMAL CLASSIFICATION NUMBER
Classification number 305.4
Author Cutter CHA
100 ## - MAIN ENTRY--AUTHOR NAME
Author name Channasubhadra,
245 ## - TITLE STATEMENT
Title Readings in Feminist Theory
Sub title Thought and Types of Theory, Perspectives on Feminiasm, Behaviour
260 ## - PUBLICATION, DISTRIBUTION, ETC. (IMPRINT)
Place of publication New Delhi
Name of publisher Cosmo Publications
Year of publication 2006
300 ## - PHYSICAL DESCRIPTION
Number of Pages 321p
500 ## - GENERAL NOTE
General note includes index and biblioraphy
650 ## - SUBJECT ADDED ENTRY--TOPICAL TERM
Topical Term Feminism
942 ## - ADDED ENTRY ELEMENTS (KOHA)
Koha item type Books
700 1# -
-- Channasubhadra,
Holdings
Collection code Home library Current library Date acquired Cost, normal purchase price Full call number Accession Number Koha item type
  Henry Martyn Institute Library Henry Martyn Institute Library 11/18/2010 850.00 305.4 CHA 022332 Books
                   Copyright © 2026 | Henry Martyn Institute | Hyderabad | TS-500052 | INDIA | Implemented by hmi.edu.in
Hit-Count:

Powered by Koha